LIBRARY & INFORMATION CENTRE, KCAET, TAVANUR

ONLINE PUBLIC ACCESS CATALOGUE (OPAC)

Handbook of Library Manual Vol.1 (Record no. 19364)

MARC details
000 -LEADER
fixed length control field 00412nam a22001697a 4500
003 - CONTROL NUMBER IDENTIFIER
control field OSt
008 - FIXED-LENGTH DATA ELEMENTS--GENERAL INFORMATION
fixed length control field 250213b |||||||| |||| 00| 0 eng d
020 ## - INTERNATIONAL STANDARD BOOK NUMBER
ISBN 81-7041-982-4 (Set)
041 ## - LANGUAGE CODE
Language code of text/sound track or separate title eng
082 ## - DEWEY DECIMAL CLASSIFICATION NUMBER
Classification number 020
Item number PAN/HA
100 ## - MAIN ENTRY--AUTHOR NAME
Personal name Panda, BD
245 ## - TITLE STATEMENT
Title Handbook of Library Manual Vol.1
250 ## - EDITION STATEMENT
Edition statement 1st
260 ## - PUBLICATION, DISTRIBUTION, ETC. (IMPRINT)
Place of publication New Delhi:
Name of publisher Anmol Publications Pvt Ltd,
Year of publication 1994
300 ## - PHYSICAL DESCRIPTION
Number of Pages 316p.
942 ## - ADDED ENTRY ELEMENTS (KOHA)
Koha item type Books
Holdings
Withdrawn status Lost status Damaged status Home library Current library Date acquired Cost, normal purchase price Full call number Accession Number Koha item type
      KAUAET KAUAET 13/02/2025 750.00 020 PAN/HA 19346 Books
free website counter